00710cam a22002537a 4500003000500000005001700005008004100022010000900063011000900072035000900081040000900090082002000099100002200119245006900141260003500210300001000245650003500255650003700290650003100327650002500358650003300383700002000416700002000436CHAP20220329133034.0971013s1988 r 00010 d a1498 a2470 a1664 cCHAP a636.0896968bD700aDrummod, Roger O. 0aControl of arthropod pest of livestockb: a review of technology aBoca Raton, Fla. :bCRC,c1988 a245 p14aAnimales domésticosxPlagas.14aControl biológico de insectos.14aEntomología económica.14aGanadoxParásitos.14aParasitología veterinaria.0 aGeorge, John E.0 aKunz, Sidney E.